|
|
|
|
| LEADER |
00000cam a2200000 4500 |
| 001 |
vtls011783185 |
| 003 |
SK-MaSNL |
| 005 |
20260311133746.0 |
| 008 |
210701s2018 xr hoaefrn 000 0 cze |
| 015 |
|
|
|a SNBZSA2019/01
|
| 020 |
|
|
|a 9788087989654
|q (brožované)
|
| 035 |
|
|
|a urn:nbn:sk:snk-am00d7j3
|
| 035 |
|
|
|a 92445AD9-92DC-4DBF-9FDE-A92478716428
|
| 035 |
|
|
|a urn:nbn:sk:snk-am00e3n5
|
| 035 |
|
|
|a urn:nbn:sk:snk-am3hsbu
|
| 035 |
|
|
|a C6A74DD6-1651-4979-9F22-986AA8A8F912
|
| 040 |
|
|
|a SNK
|b slo
|c SNK
|e rda
|
| 041 |
0 |
|
|a cze
|b eng
|
| 043 |
|
|
|a e-cs---
|
| 044 |
|
|
|a xr
|c CZ
|
| 072 |
|
7 |
|a 365
|x Požiadavky na bývanie a ich uspokojovanie
|2 konspekt
|
| 072 |
|
7 |
|a 316.7
|x Sociológia kultúry. Kultúrny život
|2 konspekt
|
| 080 |
|
|
|a 365
|2 2011
|
| 080 |
|
|
|a 728.1/.3
|2 2011
|
| 080 |
|
|
|a 711.426:69.056.52
|2 2011
|
| 080 |
|
|
|a 316.728
|2 2011
|
| 080 |
|
|
|a (437)
|2 2011
|
| 080 |
|
|
|a (082)
|2 2011
|
| 080 |
|
|
|a (048.8:082)
|2 2011
|
| 245 |
0 |
0 |
|a Husákovo 3 + 1
|b bytová kultura 70. let
|c Lada Hubatová-Vacková, Cyril Říha (eds.)
|
| 246 |
3 |
|
|a Husákovo tři plus jedna
|
| 246 |
3 |
0 |
|a Bytová kultura 70. let
|
| 250 |
|
|
|a Vydání druhé
|
| 264 |
|
1 |
|a Praha
|b VŠUP
|c 2018
|
| 300 |
|
|
|a 366 strán
|b faksimile, fotografie, ilustrácie, plány
|c 15 x 22 cm
|e 1 príloha (38 x 42 cm zležené na 15 x 20 cm)
|
| 336 |
|
|
|a text
|b txt
|2 rdacontent
|
| 336 |
|
|
|a statický obraz
|b sti
|2 rdacontent
|
| 337 |
|
|
|a bez média
|b n
|2 rdamedia
|
| 338 |
|
|
|a zväzok
|b nc
|2 rdacarrier
|
| 338 |
|
|
|a list
|2 nb
|2 rdacarrier
|
| 504 |
|
|
|a Obsahuje bibliografické odkazy
|
| 504 |
|
|
|a Obsahuje bibliografiu
|
| 546 |
|
|
|a Anglické resumé
|
| 648 |
|
7 |
|a 1971-1980
|2 SNKPH
|9 376723
|
| 650 |
0 |
7 |
|a bytová kultúra
|2 SNKPH
|9 82741
|
| 650 |
0 |
7 |
|a bytová výstavba
|2 SNKPH
|9 3036
|
| 650 |
0 |
7 |
|a panelové sídliská
|2 SNKPH
|9 84299
|
| 650 |
0 |
7 |
|a životný štýl
|2 SNKPH
|9 1704
|
| 650 |
0 |
7 |
|a Housing culture
|2 SNKPHeng
|9 358070
|
| 650 |
0 |
7 |
|a Housing
|2 SNKPHeng
|9 266486
|
| 650 |
0 |
7 |
|a Prefabricated housing estates
|2 SNKPHeng
|9 444304
|
| 650 |
0 |
7 |
|a Style of life
|2 SNKPHeng
|9 265362
|
| 651 |
|
7 |
|a Československo
|2 SNKPHgeo
|9 21376
|
| 651 |
|
7 |
|a Czechoslovakia
|2 SNKPHeng
|9 265183
|
| 655 |
|
7 |
|a zborníky
|2 SNKPH
|9 70165
|
| 655 |
|
7 |
|a kolektívne monografie
|2 SNKPH
|9 249850
|
| 655 |
|
7 |
|a Papers of several authors
|2 SNKPHeng
|9 153738
|
| 655 |
|
7 |
|a Collective monographs
|2 SNKPHeng
|9 125747
|
| 700 |
1 |
|
|a Hubatová-Vacková, Lada,
|d 1969-
|4 edt
|9 240126
|
| 700 |
1 |
|
|a Říha, Cyril,
|d 1975-
|4 edt
|9 252921
|
| 919 |
|
|
|a 978-80-87989-65-4
|
| 958 |
|
|
|a OND
|
| 958 |
|
|
|a NB
|
| 958 |
|
|
|a ZS
|
| 958 |
|
|
|a CZ
|
| 999 |
|
|
|c 857964
|d 859894
|
| 952 |
|
|
|a SNK
|b SNK
|y PREZ
|7 0
|p 17A1352688
|o snkSE 13639
|i snk2019/1140
|8 4
|g 10.82
|3 Dokument obsahuje prílohu - 1 zložený list
|0 0
|1 0
|4 0
|d 2018-10-05
|f 1
|l 0
|r 2026-02-24 05:02:37
|w 2026-02-24
|
| 952 |
|
|
|a SNK
|b SNK
|y PREZ
|7 0
|p 17A1352687
|o snkSE 13639/príl.
|i snk2019/1140
|8 4
|z Príloha -1 zložený list
|0 0
|1 0
|4 0
|d 2018-10-05
|f 1
|l 0
|r 2026-02-24 05:02:37
|w 2026-02-24
|